KOHA-Header-6

Famous Indians of the 20th Century (Record no. 10847)

000 -LEADER
fixed length control field 00280nam a2200109Ia 4500
100 ## - MAIN ENTRY--AUTHOR NAME
Personal name Vishwamitra Sharma
245 #0 - TITLE STATEMENT
Title Famous Indians of the 20th Century
260 ## - PUBLICATION, DISTRIBUTION, ETC. (IMPRINT)
Place of publication New Delhi
Name of publisher Bantam Books
Year of publication 2001
300 ## - PHYSICAL DESCRIPTION
Number of Pages 365
942 ## - ADDED ENTRY ELEMENTS (KOHA)
Koha item type Books

No items available.

Powered by Koha